Every US State’s Title Backwards - Statistics

General Stats
  • This quiz has been taken 9 times
  • The average score is 41 of 51
Answers on the Map
Answers color-coded by a green-red scale on the quiz's map according to % correct below.
 
Answer Stats
States Backwards % Correct
ODAROLOC
100%
ADAVEN
88%
ADIROLF
88%
AINROFILAC
88%
AKSALA
88%
AKSARBEN
88%
AMOHALKO
88%
ANAIDNI
88%
ANATNOM
88%
ANOZIRA
88%
ATOKAD HTRON
88%
ATOKAD HTUOS
88%
ATOSENNIM
88%
AWOI
88%
ENIAM
88%
GNIMOYW
88%
HATU
88%
IIAWAH
88%
IPPISSISSIM
88%
IRUOSSIM
88%
KROY WEN
88%
NOGERO
88%
OCIXEM WEN
88%
OHADI
88%
OIHO
88%
SASNAK
88%
SAXET
88%
SIONILLI
88%
TNOMREV
88%
AIGROEG
75%
AMABALA
75%
ANAISIUOL
75%
DNALSI EDOHR
75%
DNALYRAM
75%
ERAWALED
75%
ERIHSPMAH WEN
75%
NAGIHCIM
75%
NISNOCSIW
75%
NOTGNIHSAW
75%
SASNAKRA
75%
TUCITCENNOC
75%
YESREJ WEN
75%
AINIGRIV
63%
ANILORAC HTRON
63%
ANILORAC HTUOS
63%
CD
63%
EESSENNET
63%
STTESUHCASSAM
63%
YKCUTNEK
63%
AINAVLYSNNEP
50%
AINIGRIV TSEW
50%
No matching quizzes found
Score Distribution
Percent of People with Each Score
Percentile by Number Answered
Your Score History
You have not taken this quiz